000 01190cam a2200313 a 4500
005 20161019095148.0
008 020415s1999 ck a r 00010 spa d
040 _ala
_cla
_dCO-BoIAVH
041 0 _aspa
044 _ack
090 _aFG-
_b0078
100 1 _aUsma Oviedo, Martha Cecilia
_eautora
245 1 0 _aFlora y fauna silvestre de la comunidad Wounaan San Bernardo /
_cMartha Cecilia Usma Oviedo, Héctor Javier Ruiz Palma ; dibujos Marcial Donisabe Piraza.
260 _a[Cali?] :
_bEcofondo,
_c1999.
300 _a5 volumenes :
_bilustraciones a color ;
_c28 x 17 cm.
505 0 _av.1 Plantas alimenticias.
505 0 _av.2 Plantas maderables.
505 0 _av.3 Plantas artesanales.
505 0 _av.4 Fauna de cacería.
505 0 _av.5 Fauna de pesca.
650 2 6 _aFlora
_zColombia
650 2 4 _aFlora silvestre
_zColombia
650 2 4 _aFauna silvestre
_zColombia
650 2 4 _aConservación de la vida silvestre
_zColombia
650 2 6 _aConservación de la naturaleza
_zColombia
700 1 _aRuiz Palma, Héctor Javier
_eautor
700 1 _aDonisabe Piraza, Marcial
_eilustrador
942 _2z
_cFolleto
999 _c2797
_d2797